Countries With Military Juntas - Statistics

General Stats
  • This quiz has been taken 31 times
    16 since last reset
  • The average score is 9 of 10
Answers on the Map
Answers color-coded by a green-red scale on the quiz's map according to % correct below.
 
Answer Stats
Leader's Name Continent Country % Correct
Ibrahim Traoré Africa Burkina Faso
100%
Mahamat Déby Africa Chad
100%
Assimi Goïta Africa Mali
100%
Abdourahamane Tchiani Africa Niger
100%
Mamady Doumbouya Africa Guinea
93%
Abdel Fattah Al-Burhan Africa Sudan
93%
Brice Oligui Nguema Africa Gabon
86%
Min Aung Hlaing Asia Myanmar
79%
Michael Randrianirina Africa Madagascar
64%
Horta Inta-A Na Man Africa Guinea-Bissau
57%
No matching quizzes found
Score Distribution
Percent of People with Each Score
Percentile by Number Answered
Your Score History
You have not taken this quiz since the last reset